000 00398 a2200169 4500
003 Nust
005 20170207170036.0
022 _a9789693503159
040 _cNust
082 _a891.4393
100 _aTarar, Mustansar Hussain
245 _aPayar Ka Pehla Shehar
_cMustansar Hussain Tarar,
260 _aLahore
_bSang-e-Meel
_c2012
300 _a262 p
650 _aUrdu Literatur
651 _aNovel
942 _2ddc
_cBK
999 _c213780
_d213780